000 00198 a2200097 4500
001 29713
100 _aCornwell
245 _aThe Flow of Heat
260 _a
_bNotrand
_c1977
090 _c19733
_d19733
942 _aNUST-CAE
_cM
_c10817
999 _c264786
_d264786